00583 2200217 4500001002100000005001500021035002000036245006800056100001800124250000600142300003500148700001200183260003900195082001200234084001800246020001800264650003200282990001700314990001700331990001700348INLIS00000000000024020180920034450 a0010-09180000941 aSelayang Pandang Bengkulu /cGiyarto, S.Pt; Ilustrator, Junarko0 aGiyarto, S.Pt a- aiv, 60 hlm. :bilus. ;c21 cm.0 aJunarko aKlaten :bPT Intan Pariwara,c2007 a911.598 a911.598 GIY s a979-28-0113-2 aGeografi Historis Indonesia a00998/P/2018 a00999/P/2018 a01000/P/2018